<?xml version="1.0" encoding="UTF-8"?>
<collection xmlns:xsi="http://www.w3.org/2001/XMLSchema-instance" xsi:schemaLocation="http://www.loc.gov/MARC21/slim http://www.loc.gov/standards/marcxml/schema/MARC21slim.xsd" xmlns="http://www.loc.gov/MARC21/slim">
 <record>
  <leader>00000cam a22000004i 4500</leader>
  <controlfield tag="001">UP-1685594773861860578</controlfield>
  <controlfield tag="003">Buklod</controlfield>
  <controlfield tag="005">20111201133526.0</controlfield>
  <controlfield tag="006">g||| |     ||   ||</controlfield>
  <controlfield tag="007">ta</controlfield>
  <controlfield tag="008">160623s1970    nyu     r    |000 0|eng d</controlfield>
  <datafield tag="035" ind1=" " ind2=" ">
   <subfield code="a">(iLib)UPBAG-00008999564</subfield>
  </datafield>
  <datafield tag="040" ind1=" " ind2=" ">
   <subfield code="d">BAG</subfield>
   <subfield code="e">rda</subfield>
  </datafield>
  <datafield tag="041" ind1="0" ind2=" ">
   <subfield code="a">eng</subfield>
  </datafield>
  <datafield tag="090" ind1=" " ind2="0">
   <subfield code="a">HQ 1426</subfield>
   <subfield code="b">S57</subfield>
  </datafield>
  <datafield tag="245" ind1="0" ind2="0">
   <subfield code="a">Sisterhood is powerful</subfield>
   <subfield code="b">an anthology of writings from the women's liberation movement</subfield>
   <subfield code="c">edited by Robin Morgan.</subfield>
  </datafield>
  <datafield tag="264" ind1=" " ind2="1">
   <subfield code="a">New York</subfield>
   <subfield code="b">Random House</subfield>
   <subfield code="c">©1970.</subfield>
  </datafield>
  <datafield tag="300" ind1=" " ind2=" ">
   <subfield code="a">xl, 602 pages</subfield>
   <subfield code="b">illustrations</subfield>
   <subfield code="c">22 cm</subfield>
  </datafield>
  <datafield tag="490" ind1="0" ind2=" ">
   <subfield code="a">Vintage Book</subfield>
   <subfield code="v">V-539</subfield>
  </datafield>
  <datafield tag="504" ind1=" " ind2=" ">
   <subfield code="a">Includes bibliographical references (pages 567-583).</subfield>
  </datafield>
  <datafield tag="505" ind1="0" ind2=" ">
   <subfield code="a">Introduction: the women's revolution / Robin Morgan -- You've come a long way, Baby&quot;: historical perspectives / Connie Brown and Jane Seitz -- Know your enemy: a sampling of sexist quotes -- The 51 percent minority group: a statistical essay / Joreen -- The dynamics of marriage and motherhood / Beverly Jones -- Women in medicine / Miriam Gilbert -- &quot;A house is not a home&quot;: women in publishing / Laura Furman -- Women and television / Sheila Smith Hobson -- Women in the military / Lt. Susan Schnall -- The trials of Lois Lane: women in journalism / Lindsy Van Gelder -- The secretarial proletariat / Judith Ann -- The halls of academe / Women's Caucus, Political Science Department, University of Chicago -- Women and the welfare system / Carol Glassman -- Two jobs: women who work in factories / Jean Tepperman -- Women and the Catholic church / Dr. Mary Duly -- Does the law oppress women? / Diane B. Schulder -- Barbarous rituals -- It hurts to be alive and obsolete: the ageing woman / Zoe Moss' -- Media images 1: Madison avenue brainwashing-the facts / Alice Embree -- Media images 2: body odor and social order / Florika -- The politics of orgasm / Susan Lydon -- &quot;Kinde, Kuche, Kirche&quot; as scientific law: psychology constructs the female / Dr. Naomi Weisstein -- A theory on female sexuality / Mary Jane Sherfey -- A psychiatrist's view: images of woman-past and present, overt and obcured / Natalie Shainess -- Unfinished business: birth control and women's liberation / Lucinda Cisler -- The hooker / Ellen Strong -- The least of these: the minority whose screams haven't yet been heard / Gene Damon -- Notes of a radical lesbian / Martha Shelley -- Sexual politics (in literature) / Kate Millett -- Resistances to consciousness / Irene Peslikis -- Double jeopardy: to be black and female / Frances M. Beal -- For Sadie and Maude / Eleanor Holmes Norton -- Statement on birth control / Black women's liberation group, Mount Vernon, New York - The Suburban scene / Connie Dvor -- On de-segragating stuyvesant high / Alice de Rivera -- Excerpts from the diaries of all oppressed women / Women's collective of the New York High School Students' Union -- An introduction / Elizabeth Sutherland -- The Mexican-American woman / Enriqueta Longauex y Vasquez -- Experiment in freedom: women of China / Charlotte Bonny Cohen -- The grand coolie damn / Marge Piercy -- Institutionalized oppression vs. the female / Florynce Kennedy -- The politics of housework / Pat Mainardi -- Social bases for sexual equality: a comparative view / Karen Sacks -- Self-defense for women / Susan Pascale, Rachel Moon, Leslie B. Tanner -- Female liberation as the basis for social revolution / Roxanne Dunbar -- For witches / Susan Sutheim -- Elegy for Jayne Mansfields, July 1967 / Karen Lindsey -- A chant for my sisters / Marilyn Lowen Fletcher -- Must I marry / Lynn Strongin -- The playground (a prose poem) / Leah Fritz -- She / Maria Ann Britton -- Dancing the shout to the true gospel of the song movement sisters don't want me to sing / Rita Mae Brown -- Poem / Jayne West -- Song of the fucked duck / Marge Piercy -- Anonymous poem / A seven-year-old woman -- Terror / Martha Shelley -- Poem / Janet Russo -- Going through changes / Jean Tepperman -- The jailor / Sylvia Plath -- NOW (National Organization for Women) Bill of Rights -- Excerpts from the SCUM (Society for Cutting Up Men) manifesto / Valerie Solanis -- Principles -- New York Radical Women -- No more Miss America! Ten points of protest -- Letter to our sisters in social work / WAR (Women of the American Revolution) -- How to name baby / Media Women -- Lilith's Manifesto / Women's Majority Union, Seattle -- We did it / Women against daddy warbucks -- Statement on the University of Chicago -- An exegesis on women's liberation / Women's caucus with the Youth International Party -- Redstocking Manifesto -- The feminist vs. the institution of marriage</subfield>
  </datafield>
  <datafield tag="650" ind1=" " ind2="0">
   <subfield code="a">Women's rights</subfield>
   <subfield code="z">United States.</subfield>
  </datafield>
  <datafield tag="650" ind1=" " ind2="0">
   <subfield code="a">Women</subfield>
   <subfield code="x">History.</subfield>
  </datafield>
  <datafield tag="650" ind1=" " ind2="0">
   <subfield code="a">Feminism</subfield>
   <subfield code="z">United States.</subfield>
  </datafield>
  <datafield tag="700" ind1="1" ind2=" ">
   <subfield code="a">Morgan, Robin</subfield>
   <subfield code="d">1941-</subfield>
   <subfield code="e">author.</subfield>
  </datafield>
  <datafield tag="852" ind1="0" ind2=" ">
   <subfield code="a">UPBAG</subfield>
   <subfield code="b">UPBAG-MAIN</subfield>
   <subfield code="h">HQ 1426 S57</subfield>
  </datafield>
  <datafield tag="942" ind1=" " ind2=" ">
   <subfield code="a">Book</subfield>
  </datafield>
 </record>
</collection>
